000 00951nam a2200265Ia 4500
003 OSt
005 20221005104225.0
006 a|||||r|||| 00| 0
007 ta
008 221004b |||||||| |||| 00| 0 san d
020 _a9788171103726 (hbk)
_c650
024 _a23422
037 _b200, 18/11/2015, Vidyanidhi Prakashan
_cTextual
040 _aCRL
_cCRL
_bsan
041 _2san
_asan
082 _aQ1:g, 152Q5
100 _aरावत, मीरा रानी
245 0 _aअनुक्रमणी साहित्य
_b एक परिशीलन
246 _aAnukramaṇī sāhitya: ek parishīlana
260 _aदिल्ली
_bपरिमल पब्लिकेशन भारत
_c2015
300 _a472पृ0
_ccm.
650 _aधर्म
942 _hQ1:g, 152Q5
_cTEXL
_2cc
999 _c1012065
_d1012065